| 000 | 01069nam a2200253 4500 | ||
|---|---|---|---|
| 001 | 144160 | ||
| 003 | ES-MaACL | ||
| 005 | 20250730084014.0 | ||
| 007 | t| | ||
| 008 | 070214s1981 sp r ||||1| spa d | ||
| 111 | 2 |
_aSimposio de Seguridad en el Trabajo ( _cMadrid ( _d1980) ( _n. 1º) _9220982 |
|
| 245 | 1 | 0 | _aTrabajos presentados al I Simposium de Seguridad en el Trabajo. |
| 260 |
_aMadrid : _bMAPFRE, _c1981 ( _fCentral de Artes Gráficas) |
||
| 300 |
_aIX, 500 p. ; _c21 cm. |
||
| 500 | _aPrecede al tít.: Fundación Mapfre. | ||
| 500 | _aContiene: Protección contra contactos eléctricos ; Instalaciones eléctricas en emplazamientos potencialmente explosivos ; Recipientes a presión ; Protección de máquina. | ||
| 710 | 2 |
_aFundación MAPFRE _94362 |
|
| 740 | 0 | _aProtección contra contactos eléctricos. | |
| 740 | 0 | _aInstalaciones eléctricas en emplazamientos potencialmente explosivos. | |
| 740 | 0 | _aRecipientes a presión. | |
| 740 | 0 | _aProtección de máquina. | |
| 852 |
_aES-MaACL _jL-1389 _bR.102153 |
||
| 999 |
_c144160 _d144160 |
||